书目信息 |
| 题名: |
ASP基础及应用教程
|
|
| 作者: | 颜庆茁 , 梁志强 , 吕俊音, 编著 | |
| 分册: | ||
| 出版信息: | 北京 机械工业出版社 2006.07 |
|
| 页数: | 12, 295页 | |
| 开本: | 26cm | |
| 丛书名: | ||
| 单 册: | ||
| 中图分类: | TP393.4 | |
| 科图分类: | ||
| 主题词: | 互联网络--hu lian wang luo--程序设计--高等教育--教材 | |
| 电子资源: | ||
| ISBN: | 7-111-18980-9 | |
| 000 | 00968nam0 2200265 450 | |
| 001 | 012007694054 | |
| 005 | 20071011092201.21 | |
| 010 | @a7-111-18980-9@dCNY27.00 | |
| 100 | @a20070815d2006 km y0chiy0120 ea | |
| 101 | 0 | @achi |
| 102 | @aCN@b110000 | |
| 105 | @ak a 000yy | |
| 200 | 1 | @aASP基础及应用教程@AASP ji chu ji ying yong jiao cheng@f吕俊音, 颜庆茁, 梁志强编著@Flu jun yin,yan qing zhuo,liang zhi qiang bian zhu |
| 210 | @a北京@c机械工业出版社@d2006.07 | |
| 215 | @a12, 295页@d26cm | |
| 300 | @a高等职业教育计算机专业推荐教材 | |
| 320 | @a有书目 (第295页)。 | |
| 330 | @a本书介绍了ASP网站的设计技术以及HTML、VBScript、JavaScript、SQL Server、ODBC和ASP等网络编程技术。 | |
| 606 | 0 | @a互联网络@Ahu lian wang luo@x程序设计@x高等教育@j教材 |
| 690 | @aTP393.4@v4 | |
| 701 | 0 | @a颜庆茁@Ayan qing zhuo@4编著 |
| 701 | 0 | @a梁志强@Aliang zhi qiang@4编著 |
| 701 | 0 | @a吕俊音,@Alu jun yin@f1954- @4编著 |
| 801 | 0 | @aCN@c20071011 |
| 905 | @dTP393.4@eL892 | |
| ASP基础及应用教程/吕俊音, 颜庆茁, 梁志强编著.-北京:机械工业出版社,2006.07 |
| 12, 295页;26cm |
| 高等职业教育计算机专业推荐教材 |
| ISBN 7-111-18980-9:CNY27.00 |
| 本书介绍了ASP网站的设计技术以及HTML、VBScript、JavaScript、SQL Server、ODBC和ASP等网络编程技术。 |
| ● |
| 相关链接 |
|
|
|
正题名:ASP基础及应用教程
索取号:TP393.4/L892
 
预约/预借
| 序号 | 登录号 | 条形码 | 馆藏地/架位号 | 状态 | 备注 |
| 1 | 254386 | 202543863 | 自科库301/301自科库 134排1列3层/ [索取号:TP393.4/L892] | 在馆 | |
| 2 | 254387 | 202543872 | 自科库301/301自科库 134排1列3层/ [索取号:TP393.4/L892] | 在馆 | |
| 3 | 254388 | 202543881 | 自科二线404/404自科库 15排5列2层/ [索取号:TP393.4/L892] | 在馆 |